Machinery vibrodiagnostics with the industrial internet of things
Uložené v:
| Hlavný autor: | |
|---|---|
| Ďalší autori: | |
| Médium: | Rukopis Kniha |
| Jazyk: | Slovak English |
| Vydavateľské údaje: |
2024
|
| Predmet: | |
| On-line prístup: | http://is.stuba.sk/zp/portal_zp.pl?podrobnosti=177079 |
| Tagy: |
Žiadne tagy, Buďte prvý, kto otaguje tento záznam!
|
MARC
| LEADER | 00000ntm a22000003a 4500 | ||
|---|---|---|---|
| 001 | stuzp100212 | ||
| 003 | SK-STU | ||
| 005 | 20240608213714.7 | ||
| 007 | ta | ||
| 008 | 150427s2015----xo-----f-mn---000-0-slo-d | ||
| 040 | |a STU |b slo | ||
| 041 | 0 | |a eng | |
| 100 | 1 | |a Hájek, Miroslav |u 070400 |4 aut |U FIIT Fakulta informatiky a informačných technológií |T FIIT Ústav počítačového inžinierstva a aplikovanej informatiky |X 102927 |U I400 |Y 672 |7 102927 | |
| 242 | 0 | 1 | |a Vibrodiagnostika strojov s priemyselným internetom vecí |y slo |
| 245 | 1 | 0 | |a Machinery vibrodiagnostics with the industrial internet of things |
| 260 | |c 2024 | ||
| 650 | 4 | |a výber atribútov |2 slo | |
| 650 | 4 | |a klasifikácia poruchy |2 slo | |
| 650 | 4 | |a vibrácie |2 slo | |
| 650 | 4 | |a k-najbližších susedov |2 slo | |
| 650 | 4 | |a data logger |2 slo | |
| 650 | 4 | |a data logger |2 eng | |
| 650 | 4 | |a feature selection |2 eng | |
| 650 | 4 | |a fault classification |2 eng | |
| 650 | 4 | |a vibrations |2 eng | |
| 650 | 4 | |a k-nearest neighbours |2 eng | |
| 700 | 1 | |a Baláž, Marcel |4 ths |X 38936 |7 A000038936 | |
| 856 | 4 | |u http://is.stuba.sk/zp/portal_zp.pl?podrobnosti=177079 | |